| 000 | 00454nam a2200181Ia 4500 | ||
|---|---|---|---|
| 008 | 230524s9999 xx 000 0 und d | ||
| 020 | _a9788131720226 | ||
| 082 |
_a531.112 _bWIL |
||
| 100 | _aCharles E.Wilson | ||
| 245 | 0 | _a"Kinematics and Dynamics of Machinery, " | |
| 250 | _a3 | ||
| 260 |
_aNew Delhi _bPearson _c2011 |
||
| 300 | _axix;885p. | ||
| 500 | _aQuantity Number: 5 | ||
| 650 | _aMechanics | ||
| 700 | _aJ.Peter Sadler | ||
| 942 | _cBK | ||
| 999 |
_c52338 _d52338 |
||